Train Stations on the Hurstbridge Line - Statistics

General Stats
  • This quiz has been taken 42 times
  • The average score is 23 of 28
Answer Stats
Closest to Flinders St. Answer % Correct
25 Eltham
100%
24 Montmorency
100%
26 Diamond Creek
90%
1 Flinders Street
90%
23 Greensborough
90%
19 Heidelberg
90%
28 Hurstbridge
90%
17 Ivanhoe
90%
6 Jolimont
90%
8 North Richmond
90%
20 Rosanna
90%
22 Watsonia
90%
27 Wattle Glen
90%
7 West Richmond
90%
15 Alphington
80%
11 Clifton Hill
80%
9 Collingwood
80%
18 Eaglemont
80%
3 Flagstaff
80%
21 Macleod
80%
2 Southern Cross
80%
10 Victoria Park
80%
16 Darebin
70%
13 Dennis
70%
4 Melbourne Central
70%
5 Parliament
70%
12 Westgarth
70%
14 Fairfield
60%
No matching quizzes found
Score Distribution
Percent of People with Each Score
Percentile by Number Answered
Your Score History
You have not taken this quiz